000 00945nam0a22002771 4500
001 rc\3007463
005 20250806202752.0
035 _a(NLR Aleph) 007216240
090 _a61292
_c61292
100 _a20110922d1945 u y0rusy50 ca
101 0 _arus
102 _aRU
105 _ay z |||||
200 1 _aВеликий баснописец
210 _a[Москва]
_a[Ленинград]
_cБ. и.
_d[1945]
215 _aС. 5-6
300 _aВ кн.: И.А. Крылов. Басни, Москва-Ленинград, 1945. С. 5-6
600 1 _aКрылов
_bИ.А.
_f1769-1844
_gИван Андреевич
_cбаснописец
700 1 _aСоветкин
_bФ.Ф.
_f1886-1967
_gФедор Фролович
801 0 _aRU
_bNLR
_gpsbo
801 1 _aRU
_bELAR
_2rusmarc
852 _aNLR
_jДл02 Г-2/168
942 _cBOOK
945 _aРоссийская национальная библиотека
980 _aNB
980 _aBV